Vista normal Vista MARC

Entrada Topical Term

Número de registros utilizados en: 2

001 - CONTROL NUMBER

  • control field: 10868

003 - CONTROL NUMBER IDENTIFIER

  • control field: OSt

005 - DATE AND TIME OF LATEST TRANSACTION

  • control field: 20200925150137.0

008 - FIXED-LENGTH DATA ELEMENTS

  • fixed length control field: 200925|| aca||aabn | a|a d

040 ## - CATALOGING SOURCE

  • Original cataloging agency: OSt
  • Transcribing agency: OSt

150 ## - HEADING--TOPICAL TERM

  • Topical term or geographic name entry element: Guerra Mundial II
  • General subdivision: relatos personales
  • Chronological subdivision: 1939-1945

670 ## - SOURCE DATA FOUND

  • Source citation: Work cat.: (OSt)4025: Frank, Ana, autora 10865, El diario de Ana Frank / , 2007